Normal view
MARC view
- NOLAN,AGNES
Entry Personal Name
001 - CONTROL NUMBER
- control field: 109337
003 - CONTROL NUMBER IDENTIFIER
- control field: NUST
005 - DATE AND TIME OF LATEST TRANSACTION
- control field: 20230221123448.0
008 - FIXED-LENGTH DATA ELEMENTS
- fixed length control field: 230221|| aca||aabn | a|a d
040 ## - CATALOGING SOURCE
- Original cataloging agency: NUST
- Transcribing agency: NUST
100 ## - HEADING--PERSONAL NAME
- Personal name: NOLAN,AGNES
670 ## - SOURCE DATA FOUND
- Source citation: Work cat.: (NUST): NOLAN,AGNES., ADVANCED EARTHQUAKE ENGINEERING /, 2021.
